[Event "Titled Tuesday intern op 12th Dec Early"]
[Site "Chess.com INT"]
[Date "2023.12.12"]
[Round "5"]
[White "Ambartsumova, Karina"]
[Black "Dyulgerov, Volen"]
[Result "1-0"]
[WhiteElo "2418"]
[BlackElo "2200"]
[PlyCount "25"]
[EventDate "2023.12.12"]
[EventType "swiss (blitz)"]
[EventRounds "11"]
[EventCountry "USA"]
[SourceTitle "CB51_2023"]
[SourceDate "2023.12.20"]
[SourceVersion "1"]
[SourceVersionDate "2023.12.20"]
[SourceQuality "1"]

1. d4 e5 2. dxe5 d6 3. Nf3 Nc6 4. Bf4 Bg4 5. exd6 Qf6 6. Qc1 0-0-0 7. dxc7 Rd5 8. Nc3 Bb4 9. e4 Bxf3 10. gxf3 Nge7 11. exd5 Nxd5 12. Bh3+ Qf5 13. Bxf5# 1-0

[Event "Titled Tuesday intern op 12th Dec Early"]
[Site "Chess.com INT"]
[Date "2023.12.12"]
[Round "3"]
[White "Bardyk, Artem"]
[Black "Dyulgerov, Volen"]
[Result "1-0"]
[WhiteElo "2206"]
[BlackElo "2200"]
[PlyCount "71"]
[EventDate "2023.12.12"]
[EventType "swiss (blitz)"]
[EventRounds "11"]
[EventCountry "USA"]
[SourceTitle "CB51_2023"]
[SourceDate "2023.12.20"]
[SourceVersion "1"]
[SourceVersionDate "2023.12.20"]
[SourceQuality "1"]

1. e4 c5 2. c3 d5 3. exd5 e6 4. Bb5+ Bd7 5. dxe6 Bxb5 6. exf7+ Kd7 7. fxg8Q Rxg8 8. c4 Bxc4 9. d3 Bd5 10. Nf3 Bd6 11. Nc3 Bc6 12. Ne4 Re8 13. 0-0 Rxe4 14. dxe4 Bxe4 15. Bf4 Kc7 16. Re1 Bxf3 17. Qxf3 Nc6 18. Re6 Bxf4 19. Qxf4+ Kb6 20. b4 cxb4 21. Qxb4+ Kc7 22. Qf4+ Kc8 23. Rc1 a5 24. Rd6 Qe7 25. Qf5+ Kc7 26. Rcd1 Rd8 27. Rxd8 Nxd8 28. Qxa5+ Kc8 29. Qa8+ Kc7 30. Rc1+ Nc6 31. Qa5+ Kb8 32. Qb5 Qa3 33. Rxc6 Ka8 34. Rc8+ Ka7 35. Qc5+ b6 36. Qxa3+ 1-0

[Event "Titled Tuesday intern op 12th Dec Early"]
[Site "Chess.com INT"]
[Date "2023.12.12"]
[Round "6"]
[White "Dyulgerov, Volen"]
[Black "Rose, Felix"]
[Result "1-0"]
[WhiteElo "2200"]
[BlackElo "2091"]
[PlyCount "45"]
[EventDate "2023.12.12"]
[EventType "swiss (blitz)"]
[EventRounds "11"]
[EventCountry "USA"]
[SourceTitle "CB51_2023"]
[SourceDate "2023.12.20"]
[SourceVersion "1"]
[SourceVersionDate "2023.12.20"]
[SourceQuality "1"]

1. e4 e5 2. d4 exd4 3. c3 Qe7 4. Nd2 dxc3 5. bxc3 Nf6 6. Qa4 Nc6 7. Bd3 d5 8. Ngf3 dxe4 9. Nxe4 Nxe4 10. Bxe4 f5 11. 0-0 fxe4 12. Re1 Bf5 13. Bg5 Qc5 14. Rab1 Kf7 15. Rb5 exf3 16. Rxc5 Bxc5 17. Qc4+ Kg6 18. Qxc5 Kxg5 19. g4 Kxg4 20. Kh1 g6 21. Rg1+ Kh5 22. Qe3 Rhf8 23. Qg5# 1-0

[Event "Titled Tuesday intern op 14th Nov Early"]
[Site "Chess.com INT"]
[Date "2023.11.14"]
[Round "10"]
[White "Dyulgerov, Volen"]
[Black "Vestby Ellingsen, Mads"]
[Result "0-1"]
[WhiteElo "2200"]
[BlackElo "2339"]
[PlyCount "88"]
[EventDate "2023.11.14"]
[EventType "swiss (blitz)"]
[EventRounds "11"]
[EventCountry "USA"]
[SourceTitle "CB47_2023"]
[SourceDate "2023.11.22"]
[SourceVersion "1"]
[SourceVersionDate "2023.11.22"]
[SourceQuality "1"]

1. e4 c5 2. Nf3 d6 3. d4 cxd4 4. Nxd4 Nf6 5. Nc3 Nc6 6. Nd5 e6 7. Nxf6+ gxf6 8. Nxc6 bxc6 9. Bd3 h5 10. 0-0 h4 11. h3 Qb6 12. Be3 c5 13. b4 Qxb4 14. Rb1 Qa5 15. Bb5+ Ke7 16. Bc6 Ba6 17. Bxa8 Qc7 18. Re1 Bg7 19. Qg4 Kf8 20. f4 Qc8 21. e5 Qxa8 22. exd6 Rg8 23. Bxc5 Ke8 24. Rxe6+ Kd8 25. Re7 f5 26. Rb8+ Qxb8 27. Qxf5 Qc8 28. Qxf7 Qxc5+ 29. Kh2 Qxd6 30. Rxa7 Rf8 31. Ra8+ Bc8 32. Qxg7 Qxf4+ 33. Kh1 Qf1+ 34. Kh2 Qf4+ 35. Kh1 Re8 36. Qc3 Qf1+ 37. Kh2 Qf4+ 38. Kh1 Qf1+ 39. Kh2 Qf5 40. Qd2+ Qd7 41. Qa5+ Qc7+ 42. Qxc7+ Kxc7 43. Ra7+ Bb7 44. Ra4 Re2 0-1

[Event "Titled Tuesday intern op 05th Sep Early"]
[Site "Chess.com INT"]
[Date "2023.09.05"]
[Round "11"]
[White "Dyulgerov, Volen"]
[Black "Mikhaylova, Irina"]
[Result "1/2-1/2"]
[WhiteElo "2200"]
[BlackElo "2216"]
[PlyCount "92"]
[EventDate "2023.09.05"]
[EventType "swiss (blitz)"]
[EventRounds "11"]
[EventCountry "USA"]
[SourceTitle "EXT 2024"]
[Source "ChessBase"]
[SourceDate "2023.10.10"]
[SourceVersion "1"]
[SourceVersionDate "2023.10.10"]
[SourceQuality "1"]

1. e4 c6 2. d4 c5 3. Nh3 cxd4 4. Ng1 Nc6 5. c3 dxc3 6. Nxc3 d6 7. Bc4 e6 8. Nf3 a6 9. 0-0 Be7 10. Re1 Nf6 11. Bg5 Ne5 12. Nxe5 dxe5 13. Qb3 0-0 14. a4 Qc7 15. Rac1 Bd7 16. Re3 Bc6 17. Rg3 Kh8 18. Bxe6 Nh5 19. Nd5 Bxd5 20. Bxd5 Qd8 21. Bxe7 Qxe7 22. Rgc3 Nf4 23. Rc7 Qg5 24. Qf3 Rad8 25. g3 Nxd5 26. exd5 f6 27. R1c3 Qd2 28. Rxb7 Qxd5 29. Qxd5 Rxd5 30. Rcc7 Rg8 31. Ra7 a5 32. Rcb7 h5 33. Rb5 Rd1+ 34. Kg2 Rc8 35. Rbb7 Rg8 36. Rxa5 Rd2 37. Raa7 e4 38. Re7 Rb8 39. Rxg7 Rbxb2 40. Rh7+ Kg8 41. Rag7+ Kf8 42. Rf7+ Kg8 43. Rhg7+ Kh8 44. Rh7+ Kg8 45. Rfg7+ Kf8 46. Rf7+ Kg8 1/2-1/2

[Event "Titled Tuesday intern op 05th Sep Early"]
[Site "Chess.com INT"]
[Date "2023.09.05"]
[Round "2"]
[White "Zenin, Dmitri"]
[Black "Dyulgerov, Volen"]
[Result "1-0"]
[WhiteElo "2163"]
[BlackElo "2200"]
[PlyCount "103"]
[EventDate "2023.09.05"]
[EventType "swiss (blitz)"]
[EventRounds "11"]
[EventCountry "USA"]
[SourceTitle "EXT 2024"]
[Source "ChessBase"]
[SourceDate "2023.10.10"]
[SourceVersion "1"]
[SourceVersionDate "2023.10.10"]
[SourceQuality "1"]

1. d4 e5 2. dxe5 d6 3. Nf3 Nc6 4. Bg5 Qd7 5. exd6 Bxd6 6. Nc3 Nf6 7. Bxf6 gxf6 8. e3 Rg8 9. Ne4 Bb4+ 10. c3 Qe7 11. Ng3 Bg4 12. Be2 Bc5 13. Nd4 Nxd4 14. exd4 Bd6 15. 0-0 h5 16. Bxg4 Bxg3 17. hxg3 Rxg4 18. Re1 Re4 19. f3 Re6 20. Rxe6 fxe6 21. f4 Qf7 22. Qb3 0-0-0 23. Re1 Rd6 24. f5 Rb6 25. fxe6 Qe7 26. Qc2 a5 27. b3 a4 28. b4 a3 29. Qf5 Rc6 30. Re3 b6 31. Qxh5 Rd6 32. Qf5 Kb7 33. d5 Ka7 34. Rf3 b5 35. Qxf6 Qxf6 36. Rxf6 Rxd5 37. g4 Re5 38. Kf2 Kb6 39. Kf3 c5 40. Kf4 Re1 41. g5 cxb4 42. cxb4 Kc7 43. g6 Kd6 44. g7 Ke7 45. Rf7+ Kxe6 46. g8Q Rf1+ 47. Ke4 Re1+ 48. Kd4 Rd1+ 49. Kc5 Rd5+ 50. Kb6 Rd6+ 51. Ka5 Kd5 52. Rd7+ 1-0

[Event "Albena Vivacom op"]
[Site "Albena"]
[Date "2015.09.20"]
[Round "9"]
[White "Konaplev, Anton"]
[Black "Dyulgerov, Volen"]
[Result "1-0"]
[WhiteElo "2147"]
[BlackElo "1863"]
[PlyCount "89"]
[EventDate "2015.09.14"]
[EventType "swiss"]
[EventRounds "9"]
[EventCountry "BUL"]
[SourceTitle "EXT 2016"]
[Source "ChessBase"]
[SourceDate "2015.10.08"]
[SourceVersion "1"]
[SourceVersionDate "2015.10.08"]
[SourceQuality "1"]

1. d4 d5 2. c4 c6 3. e3 Nf6 4. Nc3 e6 5. Nf3 Nbd7 6. Bd3 dxc4 7. Bxc4 b5 8. Bd3 Bb7 9. e4 b4 10. Na4 c5 11. e5 Nd5 12. 0-0 cxd4 13. Re1 g6 14. Bg5 Qa5 15. Nxd4 a6 16. Nf3 Bg7 17. a3 0-0 18. axb4 Qxb4 19. Bd2 Qe7 20. Rc1 Rfc8 21. Rxc8+ Rxc8 22. Qe2 Nb4 23. Be4 Bxe4 24. Qxe4 Nd5 25. b4 N5b6 26. Ra1 Nxa4 27. Rxa4 Nb8 28. Be3 Qd7 29. Ra1 Qd5 30. Qxd5 exd5 31. g3 Rc4 32. b5 d4 33. Bxd4 Rxd4 34. Nxd4 Bxe5 35. Rd1 axb5 36. Nxb5 Nc6 37. f4 Bb2 38. Rd2 Bc1 39. Re2 g5 40. Kg2 gxf4 41. Rc2 f3+ 42. Kxf3 Ne5+ 43. Ke4 Ng4 44. Rxc1 Nxh2 45. Kf4 1-0

[Event "Albena Vivacom op"]
[Site "Albena"]
[Date "2015.09.16"]
[Round "4"]
[White "Dimitrov, Radoslav"]
[Black "Dyulgerov, Volen"]
[Result "1-0"]
[WhiteElo "2495"]
[BlackElo "1863"]
[PlyCount "39"]
[EventDate "2015.09.14"]
[EventType "swiss"]
[EventRounds "9"]
[EventCountry "BUL"]
[SourceTitle "EXT 2016"]
[Source "ChessBase"]
[SourceDate "2015.10.08"]
[SourceVersion "1"]
[SourceVersionDate "2015.10.08"]
[SourceQuality "1"]

1. d4 d5 2. c4 c6 3. Nf3 Nf6 4. Nc3 e6 5. Bg5 dxc4 6. a4 Bb4 7. e4 Qa5 8. Bd2 c5 9. e5 cxd4 10. exf6 dxc3 11. bxc3 Bf8 12. fxg7 Bxg7 13. Bxc4 Nd7 14. 0-0 b6 15. Bb5 a6 16. c4 Bc3 17. Bxc3 Qxc3 18. Bc6 Ra7 19. Qd6 Rb7 20. Rad1 1-0